A bid to do a lot better (Record no. 71082)

MARC details
000 -LEADER
fixed length control field 01022cam a2200229 4500
001 - CONTROL NUMBER
control field ABS65860
008 - FIXED-LENGTH DATA ELEMENTS--GENERAL INFORMATION
fixed length control field 020904n2002 000 0 eng u
035 ## - SYSTEM CONTROL NUMBER
System control number (Sirsi) u119559
100 ## - MAIN ENTRY--PERSONAL NAME
Personal name Cavanagh, E.
245 #2 - TITLE STATEMENT
Title A bid to do a lot better
260 ## - PUBLICATION, DISTRIBUTION, ETC.
Date of publication, distribution, etc. 2002
490 ## - SERIES STATEMENT
Series statement Estates Gazette
Volume/sequential designation (0235) 31 August 2002, 65(1)
520 ## - SUMMARY, ETC.
Summary, etc. Looks at Hackney Council and the recent actions taken to clear a crippling budget deficit. The authority initiated a major sale of property and land it considered was surplus to its needs. Most of the property sales took place in the auction room. Some local people were opposed to the sell off and the lack of information in the early stages but these fears have arguably been sorted with a consulation process set up for sales of community buildings.
590 ## - LOCAL NOTE (RLIN)
Local note ABS
650 ## - SUBJECT ADDED ENTRY--TOPICAL TERM
Topical term or geographic name entry element HACKNEY COUNCIL
650 ## - SUBJECT ADDED ENTRY--TOPICAL TERM
Topical term or geographic name entry element Auctioneering
9 (RLIN) 6218
650 ## - SUBJECT ADDED ENTRY--TOPICAL TERM
Topical term or geographic name entry element LOCAL AUTHORITIES
650 ## - SUBJECT ADDED ENTRY--TOPICAL TERM
Topical term or geographic name entry element PUBLIC OPINION
650 ## - SUBJECT ADDED ENTRY--TOPICAL TERM
Topical term or geographic name entry element COMMUNITY BUILDING
690 ## - LOCAL SUBJECT ADDED ENTRY--TOPICAL TERM (OCLC, RLIN)
Topical term or geographic name as entry element LOCAL GOVERNMENT
942 ## - ADDED ENTRY ELEMENTS (KOHA)
Suppress in OPAC 0
Holdings
Withdrawn status Lost status Source of classification or shelving scheme Damaged status Not for loan Home library Current library Shelving location Date acquired Total Checkouts Full call number Barcode Date last seen Copy number Price effective from Koha item type
    Dewey Decimal Classification     London London Journal article 04/09/2002   ABS65860 119559-1001 06/08/2019 1 06/08/2019 Journal article